000 005210000a22001810004500
003 MACL
005 20160421115644.0
008 160421b xxu||||| |||| 00| 0 eng d
040 _aMACL
_cMACL
041 _aHindi
082 _a740
100 _aसमर्थ भाउ
_953020
245 _aचित्रकला और समाज
260 _bपरिमल प्रकाशन
_c1988
_aइलाहाबाद
350 _a50
650 _aDrawing & Decorative Arts
_97454
942 _cHIN
_k740
_2ddc
999 _c21353
_d21353